000
00321 a2200145 4500
001
180771
020
_a
040
_c
Magnum
100
_a
La Fontaine
240
1
0
_a
O lenhador que perdeu o machado
_l
por
245
1
0
_a
O lenhador que perdeu o machado
362
0
_a
1899
697
_a
MAGNITO: I/FABULAS
942
_c
BK
999
_c
180771
_d
180771